000 01071nam a2200265 4500
999 _c13195
_d13195
003 MIRAKIL
005 20211214000614.0
008 190425b tu ||||| |||| 00| 0 tur d
020 _a9786058926639
040 _aTR-AnCHP
_cTR-AnCHP
041 _atur
082 _a320.9561
_bB86ç 2014
100 _aBursalı, Orhan
245 1 0 _aÇatışmanın anatomisi :
_bcemaat'in üç büyük iktidar hamlesi, şike, MİT, yolsuzluk ve bir dönemin sonu /
_cOrhan Bursalı .
246 _acemaat'in üç büyük iktidar hamlesi, şike, MİT, yolsuzluk ve bir dönemin sonu /
260 _aİstanbul :
_bKırmızı kedi yayınevi ,
_c2014.
300 _a337 s.:
_c20 sm.
490 0 _aKırmızı kedi yayınevi ;
_aGüncel ;
_v383.
_v20.
500 _aYapıt yazarından imzalıdır.
650 0 _aSiyaset ve yönetim
_xTürkiye
_99
650 0 _aSiyaset ve yönetim
_xTürkiye
_zTürkiye
_99
650 0 _9462
_aGülen Cemaati
_xİşlenen suçlar
_zTürkiye
740 _acemaat'in üç büyük iktidar hamlesi, şike, MİT, yolsuzluk ve bir dönemin sonu /
942 _2ddc
_cBKS